[Event "Bayern-chTT (LL Sued)"]
[Site "Bayern 2008/09"]
[Date "2008.10.26"]
[Round "2.5"]
[White "Schoellmann, Jochen"]
[Black "Fehmer, Dirk"]
[Result "1-0"]
[WhiteElo "2191"]
[BlackElo "1998"]
[PlyCount "73"]
[EventDate "2009.03.??"]
[EventType "team-tourn"]
[EventRounds "9"]
[WhiteTeam "Garching 1"]
[BlackTeam "Haunstetten 1"]

1. e4 d6 2. d4 Nf6 3. Nc3 e5 4. Nf3 Nbd7 5. Bc4 Be7 6. Ng5 O-O 7. Bxf7+ Rxf7 8.
Ne6 Qe8 9. Nxc7 Qd8 10. Nxa8 b5 11. dxe5 Nxe5 12. O-O Bb7 13. Nxb5 Bxa8 14. Bg5
Bxe4 15. Qd4 Bb7 16. Rad1 Ne8 17. Qxe5 Bxg5 18. Nxd6 Nxd6 19. Rxd6 Qf8 20. Re6
Be7 21. Qb5 Bc8 22. Re2 h6 23. Rfe1 Kh7 24. f3 Bc5+ 25. Kh1 Bd7 26. Qc4 Rf4 27.
Qd5 Rd4 28. Qb7 Qf6 29. c3 Bc6 30. Qc7 Rh4 31. Qg3 Bd6 32. Qf2 Rxh2+ 33. Kg1
Rh5 34. Re6 Bc5 35. Rxf6 Bxf2+ 36. Kxf2 gxf6 37. Re6 1-0

[Event "Bayern-chTT (LL Sued)"]
[Site "Bayern 2008/09"]
[Date "2008.10.26"]
[Round "2.6"]
[White "Rubke, Manfred"]
[Black "Wiegner, Denis"]
[Result "1/2-1/2"]
[WhiteElo "2107"]
[BlackElo "2188"]
[PlyCount "79"]
[EventDate "2009.03.??"]
[EventType "team-tourn"]
[EventRounds "9"]
[WhiteTeam "Haunstetten 1"]
[BlackTeam "Garching 1"]

1. c4 e5 2. Nc3 d6 3. d3 f5 4. f4 Nf6 5. g3 g6 6. Bg2 Bg7 7. Nh3 O-O 8. c5 Kh8
9. cxd6 cxd6 10. O-O Qb6+ 11. Kh1 Nc6 12. Nd5 Nxd5 13. Bxd5 Ne7 14. Bg2 e4 15.
e3 Bd7 16. d4 Rac8 17. g4 fxg4 18. Nf2 d5 19. b3 h5 20. Ba3 Rfe8 21. Bxe7 Rxe7
22. Qd2 Bb5 23. Rfc1 Rec7 24. Kg1 Bf8 25. Nd1 Ba3 26. Rxc7 Qxc7 27. Qf2 Qd7 28.
Qg3 Be2 29. h3 Bf3 30. Nf2 Bc1 31. hxg4 hxg4 32. Bxf3 gxf3 33. Ng4 Qh7 34. f5
gxf5 35. Qe5+ Qg7 36. Qxf5 Rg8 37. Qh5+ Qh7 38. Qe5+ Qg7 39. Qh5+ Qh7 40. Qe5+
1/2-1/2

[Event "Bayern-chTT (LL Sued)"]
[Site "Bayern 2008/09"]
[Date "2008.10.26"]
[Round "2.7"]
[White "Nuessel, Georg"]
[Black "Weichlein, Paul"]
[Result "1-0"]
[WhiteElo "2136"]
[BlackElo "1771"]
[PlyCount "79"]
[EventDate "2009.03.??"]
[EventType "team-tourn"]
[EventRounds "9"]
[WhiteTeam "Garching 1"]
[BlackTeam "Haunstetten 1"]

1. b4 e5 2. Bb2 Bxb4 3. Bxe5 Nf6 4. Nf3 d5 5. e3 c5 6. c3 Ba5 7. Qa4+ Nc6 8.
Bb5 Bd7 9. O-O Nxe5 10. Nxe5 Bc7 11. Nxd7 Nxd7 12. e4 a6 13. Bxd7+ Qxd7 14.
Qxd7+ Kxd7 15. exd5 Rhe8 16. a4 Re2 17. c4 Rae8 18. Ra3 Re1 19. g3 R8e4 20. d3
Re5 21. Rb3 Kc8 22. Nd2 R1e2 23. Ne4 b6 24. a5 f5 25. Nc3 Rc2 26. axb6 Bxb6 27.
Rxb6 Rxc3 28. Rc6+ Kd7 29. Rb1 Re2 30. Rb7+ Kd8 31. Rxa6 Kc8 32. Rxg7 Kb8 33.
Rf6 Re8 34. Rxf5 Rxd3 35. Rgf7 Re4 36. Rxh7 Re8 37. Rf4 Rd2 38. Kg2 Rd3 39. h4
Rd4 40. Rhf7 1-0

[Event "Bayern-chTT (LL Sued)"]
[Site "Bayern 2008/09"]
[Date "2008.10.26"]
[Round "2.8"]
[White "Silberman, Denis"]
[Black "Schlinkmeier, Karsten"]
[Result "0-1"]
[WhiteElo "1873"]
[BlackElo "2115"]
[PlyCount "66"]
[EventDate "2009.03.??"]
[EventType "team-tourn"]
[EventRounds "9"]
[WhiteTeam "Haunstetten 1"]
[BlackTeam "Garching 1"]

1. d4 Nf6 2. Nf3 e6 3. Bf4 b6 4. Nbd2 Bb7 5. e3 c5 6. Bd3 cxd4 7. exd4 Ba6 8.
Bxa6 Nxa6 9. Nc4 d6 10. c3 Nc7 11. a4 Be7 12. h3 O-O 13. O-O Qd7 14. Qe2 Ncd5
15. Bg3 Rfc8 16. Nfd2 a6 17. f3 b5 18. axb5 axb5 19. Na5 Ra7 20. Ne4 h6 21.
Nxf6+ Bxf6 22. f4 b4 23. Nc4 bxc3 24. bxc3 Nxc3 25. Qd3 Bxd4+ 26. Kh1 Rxa1 27.
Rxa1 Ne2 28. Rd1 Nxg3+ 29. Kh2 Nf5 30. g4 Qa4 31. gxf5 Rxc4 32. fxe6 fxe6 33.
Rb1 Qc2+ 0-1

[Event "Bayern-chTT (LL Sued)"]
[Site "Bayern 2008/09"]
[Date "2008.10.26"]
[Round "2.1"]
[White "Safyanowsky, Mark"]
[Black "Pezerovic, Edin"]
[Result "1/2-1/2"]
[WhiteElo "2254"]
[BlackElo "2432"]
[PlyCount "50"]
[EventDate "2009.03.??"]
[EventType "team-tourn"]
[EventRounds "9"]
[WhiteTeam "Dillingen 1"]
[BlackTeam "Tegernsee 2"]

1. d4 Nf6 2. Nf3 e6 3. g3 b6 4. Bg2 Bb7 5. O-O c5 6. c4 cxd4 7. Qxd4 Nc6 8. Qf4
Qb8 9. Nc3 Be7 10. Qxb8+ Rxb8 11. Bf4 Rd8 12. Nb5 d5 13. Nc7+ Kf8 14. cxd5 Nxd5
15. Nxd5 exd5 16. Rfd1 Rg8 17. Nd4 Nxd4 18. Rxd4 g5 19. Be3 Rg6 20. Rd2 Rgd6
21. Bd4 Bc8 22. Be5 Re6 23. Bc3 Red6 24. Be5 Re6 25. Bc3 Red6 1/2-1/2

[Event "Bayern-chTT (LL Sued)"]
[Site "Bayern 2008/09"]
[Date "2008.10.26"]
[Round "2.2"]
[White "Taeger, Winfried"]
[Black "Nuber, Korbinian"]
[Result "0-1"]
[WhiteElo "2232"]
[BlackElo "2106"]
[PlyCount "76"]
[EventDate "2009.03.??"]
[EventType "team-tourn"]
[EventRounds "9"]
[WhiteTeam "Tegernsee 2"]
[BlackTeam "Dillingen 1"]

1. e4 Nf6 2. e5 Nd5 3. Nc3 Nxc3 4. dxc3 d6 5. Nf3 Nc6 6. Bb5 Bd7 7. Qe2 dxe5 8.
Bg5 f6 9. O-O-O Qc8 10. Bh4 g6 11. Bg3 Bh6+ 12. Kb1 O-O 13. Rhe1 a6 14. Ba4 Bg7
15. h4 Rd8 16. Nd2 Na5 17. Bxd7 Qxd7 18. h5 Qb5 19. hxg6 hxg6 20. c4 Qb6 21. f3
Bh6 22. Ne4 Qe6 23. b3 b6 24. Nc3 Rxd1+ 25. Rxd1 Kf7 26. Nd5 Rc8 27. Rh1 Bg7
28. Qd3 Nb7 29. Bf2 Nd6 30. g4 b5 31. c5 Nb7 32. Re1 Rd8 33. c4 bxc4 34. bxc4
c6 35. Rd1 cxd5 36. cxd5 Qc8 37. Qc4 Kf8 38. Qc2 Kf7 0-1

[Event "Bayern-chTT (LL Sued)"]
[Site "Bayern 2008/09"]
[Date "2008.10.26"]
[Round "2.3"]
[White "Billing, Christian"]
[Black "Gnegel, Boris-Igor"]
[Result "1-0"]
[WhiteElo "2191"]
[BlackElo "2043"]
[PlyCount "65"]
[EventDate "2009.03.??"]
[EventType "team-tourn"]
[EventRounds "9"]
[WhiteTeam "Dillingen 1"]
[BlackTeam "Tegernsee 2"]

1. e4 c5 2. d3 Nc6 3. g3 Nf6 4. Bg2 e6 5. f4 d6 6. Nf3 Qc7 7. O-O Be7 8. h3 O-O
9. Nc3 a6 10. Ne2 Rd8 11. g4 d5 12. e5 Ne8 13. g5 f6 14. gxf6 gxf6 15. Qe1 Ng7
16. Ng3 f5 17. Qd1 b5 18. Ne1 Bh4 19. Nh5 Qf7 20. Nxg7 Qxg7 21. Be3 d4 22. Bf2
Bxf2+ 23. Kxf2 Qc7 24. Rg1 Kh8 25. Qh5 Bb7 26. Nf3 Rd7 27. Ng5 Re7 28. Qh6 Rae8
29. Qf6+ Rg7 30. Bxc6 Bxc6 31. Nxe6 Rxe6 32. Qf8+ Rg8 33. Qxg8# 1-0

[Event "Bayern-chTT (LL Sued)"]
[Site "Bayern 2008/09"]
[Date "2008.10.26"]
[Round "2.4"]
[White "Lettl, Gerhard"]
[Black "Baeuml, Ulrich"]
[Result "1/2-1/2"]
[WhiteElo "2020"]
[BlackElo "2045"]
[PlyCount "83"]
[EventDate "2009.03.??"]
[EventType "team-tourn"]
[EventRounds "9"]
[WhiteTeam "Tegernsee 2"]
[BlackTeam "Dillingen 1"]

1. e4 c5 2. c3 Nf6 3. e5 Nd5 4. d4 cxd4 5. Nf3 d6 6. cxd4 Nc6 7. Bc4 e6 8. O-O
Nb6 9. Bb3 Be7 10. Nc3 O-O 11. Qe2 dxe5 12. dxe5 Nd4 13. Nxd4 Qxd4 14. Rd1 Qc5
15. Bf4 Bd7 16. Rac1 Qb4 17. Be3 Bc6 18. Rd4 Qa5 19. Rg4 Rfd8 20. Bh6 g6 21. h4
Qa6 22. Qxa6 bxa6 23. h5 Rac8 24. hxg6 hxg6 25. Be3 Kg7 26. Ne4 Bd5 27. Bxd5
Rxc1+ 28. Bxc1 Rxd5 29. Bf4 Rb5 30. b3 Rb4 31. Bd2 Rb5 32. Bc3 Nd5 33. Bd4 Nb6
34. Nc3 Rb4 35. Rf4 g5 36. Re4 Kg6 37. Be3 Rxe4 38. Nxe4 Kf5 39. f3 Nd5 40. Bd4
Nb4 41. Nd6+ Kg6 42. a4 1/2-1/2

[Event "Bayern-chTT (LL Sued)"]
[Site "Bayern 2008/09"]
[Date "2008.10.26"]
[Round "2.5"]
[White "Lederle, Vitus"]
[Black "Billenkamp, Thomas"]
[Result "1-0"]
[WhiteElo "2066"]
[BlackElo "1971"]
[PlyCount "66"]
[EventDate "2009.03.??"]
[EventType "team-tourn"]
[EventRounds "9"]
[WhiteTeam "Dillingen 1"]
[BlackTeam "Tegernsee 2"]

1. e4 c5 2. Nf3 Nc6 3. d4 cxd4 4. Nxd4 Nf6 5. Nc3 e5 6. Ndb5 d6 7. Bg5 a6 8.
Na3 b5 9. Bxf6 gxf6 10. Nd5 Bg7 11. c3 f5 12. Bd3 O-O 13. exf5 e4 14. Bxe4 Re8
15. Qg4 Ne5 16. Qg3 Ng6 17. O-O Rxe4 18. fxg6 hxg6 19. Nc2 Be6 20. Rad1 Re5 21.
Nce3 Rg5 22. Qf3 Rc8 23. g3 Rc5 24. h4 Re5 25. Nb4 Rh5 26. Nd3 Rc7 27. Nf4 Rh7
28. Nxe6 fxe6 29. Qg4 Qe7 30. Rfe1 Rc5 31. Nd5 Rxd5 32. Rxd5 Be5 33. Rd3 Qf7
1-0

[Event "Bayern-chTT (LL Sued)"]
[Site "Bayern 2008/09"]
[Date "2008.10.26"]
[Round "2.6"]
[White "Schuetzhold, Frank"]
[Black "Nuber, Blasius"]
[Result "1/2-1/2"]
[WhiteElo "1757"]
[BlackElo "2094"]
[PlyCount "70"]
[EventDate "2009.03.??"]
[EventType "team-tourn"]
[EventRounds "9"]
[WhiteTeam "Tegernsee 2"]
[BlackTeam "Dillingen 1"]

1. b3 d5 2. Bb2 c5 3. e3 Nc6 4. Bb5 Qb6 5. Qe2 Nf6 6. f4 Bf5 7. Bxc6+ Qxc6 8.
d3 g6 9. Nf3 Bg7 10. O-O O-O 11. Nbd2 b5 12. c4 Bg4 13. Qe1 Bxf3 14. Nxf3 Rfd8
15. Qe2 Qb6 16. Rad1 Qa6 17. Ba1 bxc4 18. bxc4 dxc4 19. dxc4 Ne4 20. Bxg7 Kxg7
21. Qc2 Nd6 22. Nd2 Rab8 23. Rb1 Rb6 24. Rfc1 Rdb8 25. Rxb6 axb6 26. Rb1 Ra8
27. Rb2 Qa3 28. Qb3 Ra4 29. Nb1 Qb4 30. Qxb4 cxb4 31. Nd2 b5 32. cxb5 Nxb5 33.
Ne4 Nc3 34. Nxc3 bxc3 35. Rc2 Rb4 1/2-1/2

[Event "Bayern-chTT (LL Sued)"]
[Site "Bayern 2008/09"]
[Date "2008.10.26"]
[Round "2.7"]
[White "Giss, Arthur"]
[Black "Leckner, Thomas Dr"]
[Result "1-0"]
[WhiteElo "1975"]
[BlackElo "1759"]
[PlyCount "69"]
[EventDate "2009.03.??"]
[EventType "team-tourn"]
[EventRounds "9"]
[WhiteTeam "Dillingen 1"]
[BlackTeam "Tegernsee 2"]

1. e4 d5 2. exd5 Nf6 3. c4 e6 4. dxe6 Bxe6 5. Nf3 Qe7 6. Be2 Bxc4 7. d3 Be6 8.
O-O Nc6 9. Nc3 O-O-O 10. Be3 h6 11. Rc1 Ng4 12. Bf4 Qb4 13. Qd2 Bd6 14. Bxd6
Qxd6 15. a3 Nd4 16. g3 Nb3 17. Ne4 Qb6 18. Qc3 Nxc1 19. Rxc1 f5 20. Nc5 Bd5 21.
Nh4 Qc6 22. Nxf5 Kb8 23. Bxg4 Bh1 24. Na6+ Ka8 25. Qxc6 Bxc6 26. Nxc7+ Kb8 27.
Na6+ Ka8 28. Nb4 Bb5 29. Rc5 Bxd3 30. Nxd3 Rxd3 31. Nxg7 Rdd8 32. Ne6 Rdg8 33.
Bf3 a6 34. Rc7 Rb8 35. Nc5 1-0

[Event "Bayern-chTT (LL Sued)"]
[Site "Bayern 2008/09"]
[Date "2008.10.26"]
[Round "2.8"]
[White "Pezerovic, Asim"]
[Black "Gruenke, Paul"]
[Result "0-1"]
[WhiteElo "1726"]
[BlackElo "2001"]
[PlyCount "96"]
[EventDate "2009.03.??"]
[EventType "team-tourn"]
[EventRounds "9"]
[WhiteTeam "Tegernsee 2"]
[BlackTeam "Dillingen 1"]

1. Nf3 Nf6 2. d4 g6 3. c3 Bg7 4. Bf4 O-O 5. e3 d6 6. Nbd2 Nbd7 7. Qb3 Nh5 8.
Bg5 a6 9. Be2 b5 10. a4 c6 11. axb5 cxb5 12. Ne4 Ndf6 13. Bxf6 Nxf6 14. Nxf6+
Bxf6 15. Nd2 Be6 16. Qa3 Qb6 17. Bf3 Ra7 18. Qa5 Rb8 19. O-O Bf5 20. Be2 e5 21.
e4 Bd7 22. d5 Bd8 23. Qxb6 Bxb6 24. g4 a5 25. Kg2 Bd8 26. Kg3 Bg5 27. Nf3 Bf4+
28. Kg2 Bxg4 29. h3 Bd7 30. Ne1 b4 31. c4 Rc8 32. Nd3 Rxc4 33. Nxe5 Rxe4 34.
Nxd7 Rxe2 35. Nf6+ Kg7 36. Ng4 Rxb2 37. Kf3 Bd2 38. Ne3 Bxe3 39. fxe3 a4 40. h4
a3 41. h5 Rb3 42. Rf2 Re7 43. Re2 Re5 44. hxg6 hxg6 45. Rd1 Rc3 46. Rd4 b3 47.
Ra4 b2 48. Re1 Rcxe3+ 0-1

[Event "Bayern-chTT (LL Sued)"]
[Site "Bayern 2008/09"]
[Date "2008.10.26"]
[Round "2.1"]
[White "Riediger, Martin"]
[Black "Unger, Michael(60)"]
[Result "1/2-1/2"]
[WhiteElo "2238"]
[BlackElo "2110"]
[PlyCount "100"]
[EventDate "2009.03.??"]
[EventType "team-tourn"]
[EventRounds "9"]
[WhiteTeam "Rottal 1"]
[BlackTeam "Sendling 1"]

1. e4 e5 2. Nf3 d6 3. d4 exd4 4. Nxd4 Nf6 5. Nc3 Be7 6. Be2 O-O 7. O-O Re8 8.
f4 Bf8 9. Bf3 c5 10. Nde2 Nc6 11. h3 Be6 12. b3 g6 13. f5 Bc8 14. g4 Ne5 15.
Ng3 b6 16. g5 Nfd7 17. Bg2 Bb7 18. Qd2 Qc7 19. Nge2 Be7 20. f6 Bd8 21. Nb5 Qb8
22. Nxd6 Rf8 23. Nxb7 Qxb7 24. Nf4 b5 25. Qd5 Qc8 26. Bb2 Bc7 27. Qd2 c4 28.
Nd5 Bd6 29. Qf2 Re8 30. Rad1 b4 31. Bd4 Kh8 32. Kh1 a5 33. Rd2 Qb7 34. Re2 Nc6
35. Be3 Be5 36. Bf4 Qb8 37. Bxe5 Qxe5 38. Qf4 Qb2 39. Rfe1 Nce5 40. bxc4 Qxa2
41. Nc7 Qxc4 42. Nxe8 Rxe8 43. Qd2 a4 44. Ra1 a3 45. Re3 Rc8 46. Rb3 h6 47.
Rxb4 Qxc2 48. Qxc2 Rxc2 49. Rxa3 hxg5 50. Rg3 Rc1+ 1/2-1/2

[Event "Bayern-chTT (LL Sued)"]
[Site "Bayern 2008/09"]
[Date "2008.10.26"]
[Round "2.2"]
[White "Kuenzner, Franz"]
[Black "Bensch, Patrick"]
[Result "1-0"]
[WhiteElo "2278"]
[BlackElo "2154"]
[PlyCount "39"]
[EventDate "2009.03.??"]
[EventType "team-tourn"]
[EventRounds "9"]
[WhiteTeam "Sendling 1"]
[BlackTeam "Rottal 1"]

1. c4 Nf6 2. Nc3 g6 3. d4 d5 4. Bg5 Ne4 5. Nxe4 dxe4 6. Qd2 Bg7 7. O-O-O Nc6 8.
e3 O-O 9. f3 exf3 10. gxf3 Qd6 11. Ne2 e5 12. d5 Ne7 13. e4 f5 14. Nc3 a6 15.
h4 Bf6 16. Bh6 Rf7 17. h5 Bd7 18. hxg6 hxg6 19. Be3 Bg7 20. c5 1-0

[Event "Bayern-chTT (LL Sued)"]
[Site "Bayern 2008/09"]
[Date "2008.10.26"]
[Round "2.3"]
[White "Wagner, Hans(59)"]
[Black "Schamberger, Alfons"]
[Result "1-0"]
[WhiteElo "2116"]
[BlackElo "2162"]
[PlyCount "101"]
[EventDate "2009.03.??"]
[EventType "team-tourn"]
[EventRounds "9"]
[WhiteTeam "Rottal 1"]
[BlackTeam "Sendling 1"]

1. g3 d5 2. Bg2 e5 3. d3 Nf6 4. a3 Bd6 5. Nd2 Be6 6. Ngf3 O-O 7. O-O c6 8. e4
h6 9. Qe2 Qc7 10. b3 Nbd7 11. Bb2 Rfd8 12. Rfe1 dxe4 13. dxe4 Bg4 14. h3 Bxf3
15. Bxf3 Bc5 16. Kg2 Nf8 17. Nc4 Bd4 18. c3 Bc5 19. b4 Bb6 20. Red1 Ng6 21. h4
Qe7 22. Bg4 Nxg4 23. Qxg4 Nf8 24. a4 Rxd1 25. Rxd1 Rd8 26. Bc1 Rxd1 27. Qxd1
Qd7 28. Qxd7 Nxd7 29. Nd6 Kf8 30. Nxb7 Ke7 31. a5 Bc7 32. Be3 a6 33. Nc5 Nb8
34. Kf3 Bd6 35. Nd3 Nd7 36. h5 Ke6 37. g4 Bf8 38. Ke2 g6 39. c4 gxh5 40. gxh5
f5 41. exf5+ Kxf5 42. b5 cxb5 43. cxb5 Nb8 44. Ba7 Bd6 45. Bxb8 Bxb8 46. bxa6
Ke6 47. f3 Kd5 48. Nf2 Kc6 49. Ng4 Kb5 50. Kd3 Kxa5 51. Nxh6 1-0

[Event "Bayern-chTT (LL Sued)"]
[Site "Bayern 2008/09"]
[Date "2008.10.26"]
[Round "2.4"]
[White "Nissen, Jens"]
[Black "Schwarzmeier, Klaus"]
[Result "1-0"]
[WhiteElo "2106"]
[BlackElo "2149"]
[PlyCount "167"]
[EventDate "2009.03.??"]
[EventType "team-tourn"]
[EventRounds "9"]
[WhiteTeam "Sendling 1"]
[BlackTeam "Rottal 1"]

1. e4 g6 2. d4 c6 3. Nd2 d5 4. e5 Bg7 5. c3 h5 6. Bd3 Nh6 7. Nf1 Bf5 8. Bxh6
Bxh6 9. Bxf5 gxf5 10. e6 fxe6 11. Qxh5+ Kd7 12. Qe2 Qg8 13. Nf3 Bf4 14. g3 Bd6
15. O-O-O Na6 16. Ne5+ Kc7 17. f4 Rc8 18. Re1 Kb8 19. Nd2 Rh6 20. Ndf3 c5 21.
Nd7+ Ka8 22. dxc5 Bxc5 23. Kb1 Qe8 24. Nde5 Bd6 25. Nd3 Nc5 26. Nxc5 Bxc5 27.
Ng5 Rc6 28. Qd3 Qc8 29. Re2 a6 30. h4 b5 31. Nf7 Rh7 32. Ne5 Rd6 33. g4 Qh8 34.
Ng6 Qf6 35. gxf5 exf5 36. h5 Ka7 37. b4 Bb6 38. Ne5 e6 39. Rg2 Qh6 40. Qf3 Qf8
41. Rh3 Qc8 42. h6 Rd8 43. Rg7+ Rxg7 44. hxg7 Rg8 45. Qg2 Qe8 46. Rh6 Bc7 47.
Qg1+ Kb7 48. Nd3 Bd6 49. Qd4 Qf7 50. Qe3 Rxg7 51. Rxe6 Rg6 52. Re8 Rg8 53. Rxg8
Qxg8 54. Nc5+ Bxc5 55. bxc5 Kc6 56. Qe5 Qg1+ 57. Kb2 Qf2+ 58. Kb3 Qxc5 59. Qxf5
Qc4+ 60. Kb2 Qe2+ 61. Ka3 Qd2 62. Qc8+ Kb6 63. Qb8+ Kc6 64. Qa8+ Kb6 65. Qd8+
Kc6 66. Qf6+ Kb7 67. f5 Qc1+ 68. Kb4 Qb2+ 69. Kc5 Qa3+ 70. Kd4 Qa4+ 71. Kxd5
Qxa2+ 72. Kd6 Qd2+ 73. Ke7 a5 74. Qe5 Kc6 75. f6 Qd7+ 76. Kf8 a4 77. f7 a3 78.
Qe4+ Kb6 79. Kg8 a2 80. f8=Q a1=Q 81. Qb8+ Kc5 82. Qb4+ Kd5 83. Qd4+ Kc6 84.
Qbb6# 1-0

[Event "Bayern-chTT (LL Sued)"]
[Site "Bayern 2008/09"]
[Date "2008.10.26"]
[Round "2.5"]
[White "Walch, Ingo(73)"]
[Black "Altmann, Christoph"]
[Result "1-0"]
[WhiteElo "1974"]
[BlackElo "2056"]
[PlyCount "53"]
[EventDate "2009.03.??"]
[EventType "team-tourn"]
[EventRounds "9"]
[WhiteTeam "Rottal 1"]
[BlackTeam "Sendling 1"]

1. d4 d5 2. c4 c6 3. Nc3 Nf6 4. Nf3 a6 5. cxd5 cxd5 6. Bf4 Nc6 7. e3 Bg4 8. Be2
e6 9. O-O Bd6 10. Ne5 Bxe5 11. dxe5 Bxe2 12. Qxe2 Nd7 13. Qg4 Kf8 14. Qh5 Qe8
15. Qd1 Ndxe5 16. e4 dxe4 17. Bxe5 Rd8 18. Bd6+ Kg8 19. Nxe4 f5 20. Nc5 b6 21.
Nxa6 Rd7 22. Nc7 Qg6 23. Nb5 Kf7 24. Qf3 Na5 25. Rac1 Rhd8 26. b4 Nb7 27. Bc7
1-0

[Event "Bayern-chTT (LL Sued)"]
[Site "Bayern 2008/09"]
[Date "2008.10.26"]
[Round "2.6"]
[White "Haas, Peter(68)"]
[Black "Hackbarth, Wolfgang"]
[Result "1/2-1/2"]
[WhiteElo "2039"]
[BlackElo "2119"]
[PlyCount "43"]
[EventDate "2009.03.??"]
[EventType "team-tourn"]
[EventRounds "9"]
[WhiteTeam "Sendling 1"]
[BlackTeam "Rottal 1"]

1. e4 e5 2. Nf3 Nc6 3. Bb5 a6 4. Ba4 Nf6 5. O-O b5 6. Bb3 Be7 7. Re1 d6 8. c3
Na5 9. Bc2 c5 10. d4 Qc7 11. b3 Bg4 12. d5 O-O 13. h3 Bd7 14. Nbd2 g6 15. Nf1
Nh5 16. Bh6 Rfe8 17. Qd2 c4 18. b4 Nb7 19. a4 a5 20. axb5 axb4 21. cxb4 Bxb5
22. Qc3 1/2-1/2

[Event "Bayern-chTT (LL Sued)"]
[Site "Bayern 2008/09"]
[Date "2008.10.26"]
[Round "2.7"]
[White "Siemens, Andreas"]
[Black "Katzer, Joachim"]
[Result "1/2-1/2"]
[WhiteElo "1938"]
[BlackElo "1961"]
[PlyCount "48"]
[EventDate "2009.03.??"]
[EventType "team-tourn"]
[EventRounds "9"]
[WhiteTeam "Rottal 1"]
[BlackTeam "Sendling 1"]

1. Nf3 d5 2. c4 e6 3. b3 Nf6 4. Bb2 Be7 5. g3 O-O 6. Bg2 c5 7. O-O d4 8. b4
Nbd7 9. bxc5 e5 10. e3 dxe3 11. fxe3 e4 12. Ng5 Nxc5 13. Nc3 Bg4 14. Qc2 Qd3
15. Rac1 Rad8 16. Rf2 Qxc2 17. Rxc2 Nd3 18. Ngxe4 Nxf2 19. Kxf2 Nxe4+ 20. Bxe4
Be6 21. Nd5 Bxd5 22. Bxd5 b6 23. a4 Rc8 24. d4 Rfd8 1/2-1/2

[Event "Bayern-chTT (LL Sued)"]
[Site "Bayern 2008/09"]
[Date "2008.10.26"]
[Round "2.8"]
[White "Taimanov, Alexander"]
[Black "Zankl, Thomas"]
[Result "1/2-1/2"]
[WhiteElo "2051"]
[BlackElo "1860"]
[PlyCount "40"]
[EventDate "2009.03.??"]
[EventType "team-tourn"]
[EventRounds "9"]
[WhiteTeam "Sendling 1"]
[BlackTeam "Rottal 1"]

1. c4 e6 2. Nf3 d5 3. g3 Nf6 4. Bg2 c6 5. O-O Nbd7 6. b3 Bd6 7. d4 Ne4 8. Bb2
O-O 9. e3 f5 10. Nfd2 Qg5 11. f4 Qh6 12. Nxe4 fxe4 13. Nd2 Nf6 14. Qe2 Bd7 15.
a4 Be8 16. Ba3 Bxa3 17. Rxa3 Bh5 18. Qe1 Bg4 19. Rf2 Bh3 20. Nf1 Bxg2 1/2-1/2

[Event "Bayern-chTT (LL Sued)"]
[Site "Bayern 2008/09"]
[Date "2008.10.26"]
[Round "2.1"]
[White "Dirr, Ulrich"]
[Black "Bayer, Bernhard"]
[Result "1/2-1/2"]
[WhiteElo "2271"]
[BlackElo "2326"]
[PlyCount "53"]
[EventDate "2009.03.??"]
[EventType "team-tourn"]
[EventRounds "9"]
[WhiteTeam "Zugzwang-82 /1"]
[BlackTeam "Weilheim 1"]

1. e4 e5 2. Nf3 Nc6 3. Bb5 a6 4. Bxc6 dxc6 5. O-O f6 6. d4 exd4 7. Nxd4 c5 8.
Nb3 Qxd1 9. Rxd1 Bd7 10. Nc3 O-O-O 11. Bf4 Be6 12. Rxd8+ Kxd8 13. Rd1+ Kc8 14.
Nd5 Bxd5 15. Rxd5 b6 16. c3 Ne7 17. Rd1 Ng6 18. Bg3 Be7 19. Kf1 Re8 20. Nd2 Bf8
21. f3 Ne5 22. Bxe5 Rxe5 23. Nc4 Re6 24. Ne3 Bd6 25. g3 Kb7 26. Kf2 Kc6 27. h4
1/2-1/2

[Event "Bayern-chTT (LL Sued)"]
[Site "Bayern 2008/09"]
[Date "2008.10.26"]
[Round "2.2"]
[White "De Francesco, Klaus"]
[Black "Krulich, Roman"]
[Result "1/2-1/2"]
[WhiteElo "2242"]
[BlackElo "2201"]
[PlyCount "154"]
[EventDate "2009.03.??"]
[EventType "team-tourn"]
[EventRounds "9"]
[WhiteTeam "Weilheim 1"]
[BlackTeam "Zugzwang-82 /1"]

1. d4 d5 2. c4 c6 3. Nf3 Nf6 4. e3 a6 5. Bd3 Bg4 6. Nbd2 Nbd7 7. Qc2 e6 8. b3
Be7 9. O-O O-O 10. Bb2 Bh5 11. Ne5 Bg6 12. Nxg6 hxg6 13. e4 dxe4 14. Nxe4 Nxe4
15. Bxe4 Nf6 16. Bf3 Qa5 17. Rad1 Rad8 18. Rfe1 Rd7 19. a3 Rfd8 20. g3 Nh7 21.
Re3 Bf6 22. Red3 Qf5 23. Qe2 Ng5 24. Bg4 Qa5 25. b4 Qb6 26. c5 Qc7 27. Bc1 Nh7
28. Bf4 Qc8 29. Bd6 Nf8 30. Qf3 Be7 31. Bxe7 Rxe7 32. Qf4 Qc7 33. Qe5 Nh7 34.
a4 Nf6 35. Bf3 Nd5 36. Qe1 Red7 37. Rb1 Ne7 38. Rbd1 e5 39. Qc3 Nf5 40. dxe5
Rxd3 41. Rxd3 Rxd3 42. Qxd3 Qxe5 43. Qd8+ Kh7 44. Qd7 Qe1+ 45. Kg2 Qxb4 46.
Qxf7 a5 47. h4 Qxc5 48. h5 Nd6 49. Qxg6+ Kh8 50. h6 gxh6 51. Qxh6+ Kg8 52. Qg6+
Kf8 53. Bg4 Qe5 54. Qh6+ Ke7 55. Qh7+ Nf7 56. Qb1 b5 57. Bf3 Qc5 58. Qe1+ Ne5
59. axb5 Qxb5 60. Qe3 a4 61. Be4 Kd6 62. Qd2+ Kc7 63. f4 Nc4 64. Qc3 a3 65. Bd3
Qb2+ 66. Qxb2 axb2 67. g4 Kd6 68. g5 Nd2 69. g6 b1=Q 70. Bxb1 Nxb1 71. Kf3 Ke6
72. f5+ Kf6 73. Ke4 Nc3+ 74. Kd4 Nd5 75. Kc5 Ne7 76. Kd6 Nxf5+ 77. Kxc6 Kxg6
1/2-1/2

[Event "Bayern-chTT (LL Sued)"]
[Site "Bayern 2008/09"]
[Date "2008.10.26"]
[Round "2.3"]
[White "Krklec, Daniel"]
[Black "Lochte, Thomas"]
[Result "1-0"]
[WhiteElo "2100"]
[BlackElo "2110"]
[PlyCount "73"]
[EventDate "2009.03.??"]
[EventType "team-tourn"]
[EventRounds "9"]
[WhiteTeam "Zugzwang-82 /1"]
[BlackTeam "Weilheim 1"]

1. e4 e6 2. d4 d5 3. Nc3 Bb4 4. e5 c5 5. Bd2 Ne7 6. f4 Nf5 7. Nf3 cxd4 8. Nb5
Ne3 9. Qc1 Be7 10. Bxe3 dxe3 11. Qxe3 a6 12. Nbd4 Qa5+ 13. c3 Nc6 14. Bd3 Bd7
15. O-O Qb6 16. Rf2 g6 17. Rd1 O-O-O 18. b4 Nxd4 19. Nxd4 Kb8 20. b5 axb5 21.
Rb1 Bc5 22. Bxb5 Bxb5 23. Rfb2 Bxd4 24. cxd4 Rd7 25. Rxb5 Qa7 26. Qd2 Qa3 27.
R5b3 Qa6 28. Qb4 Rc8 29. Ra3 Qc4 30. Qb6 Qc6 31. Qa7+ Kc7 32. Rc3 Kd8 33. Rxc6
Rxc6 34. h3 Ra6 35. Qb8+ Ke7 36. Rxb7 Rxa2 37. Qd6+ 1-0

[Event "Bayern-chTT (LL Sued)"]
[Site "Bayern 2008/09"]
[Date "2008.10.26"]
[Round "2.4"]
[White "Fuchs, Georg(80)"]
[Black "Beckers, Thomas"]
[Result "1-0"]
[WhiteElo "2173"]
[BlackElo "2000"]
[PlyCount "53"]
[EventDate "2009.03.??"]
[EventType "team-tourn"]
[EventRounds "9"]
[WhiteTeam "Weilheim 1"]
[BlackTeam "Zugzwang-82 /1"]

1. e4 c5 2. Nf3 d6 3. Bb5+ Bd7 4. Bxd7+ Qxd7 5. O-O Nc6 6. c3 g6 7. Re1 Bg7 8.
d4 cxd4 9. cxd4 Nf6 10. Nc3 O-O 11. e5 dxe5 12. d5 Nb4 13. Nxe5 Qd8 14. Qb3
Nfxd5 15. Bg5 f6 16. Rad1 e6 17. a3 fxg5 18. axb4 Qf6 19. Ng4 Qf7 20. Ne4 Qf4
21. Nc5 Qxb4 22. Qxb4 Nxb4 23. Nxe6 Rfe8 24. Rd7 Bxb2 25. Re2 Rac8 26. g3 Bc1
27. Nf6+ 1-0

[Event "Bayern-chTT (LL Sued)"]
[Site "Bayern 2008/09"]
[Date "2008.10.26"]
[Round "2.5"]
[White "Beck, Alexander(74)"]
[Black "Jannasch, Franz"]
[Result "1/2-1/2"]
[WhiteElo "2065"]
[BlackElo "2136"]
[PlyCount "42"]
[EventDate "2009.03.??"]
[EventType "team-tourn"]
[EventRounds "9"]
[WhiteTeam "Zugzwang-82 /1"]
[BlackTeam "Weilheim 1"]

1. d4 Nf6 2. c4 g6 3. Nc3 Bg7 4. e4 d6 5. f3 Nbd7 6. Be3 c5 7. Nge2 a6 8. Qd2
cxd4 9. Nxd4 Ne5 10. Be2 Be6 11. b3 Nc6 12. O-O O-O 13. Rfd1 Rc8 14. Rac1 Nxd4
15. Bxd4 Nd7 16. Be3 Re8 17. Na4 Qc7 18. c5 dxc5 19. Nxc5 Nxc5 20. Rxc5 Qb8 21.
g3 Rxc5 1/2-1/2